Scientific & technological indicators of Indonisia/ (رقم التسجيلة. 144076)

تفاصيل مارك
000 -LEADER
fixed length control field 01123cam a2200277 a 4500
008 - FIXED-LENGTH DATA ELEMENTS--GENERAL INFORMATION
fixed length control field 160710s1993 io a 000 0 eng d
040 ## - CATALOGING SOURCE
Original cataloging agency EG-GiCUC
Language of cataloging eng
-- EG-GiCUC
043 ## - GEOGRAPHIC AREA CODE
Geographic area code a-io---
092 04 - LOCALLY ASSIGNED DEWEY CALL NUMBER (OCLC)
Classification number 338.959806
Item number S4167
Edition number 21
099 ## - LOCAL FREE-TEXT CALL NUMBER (OCLC)
Classification number 04
-- 338.959806 S4167
130 0# - MAIN ENTRY--UNIFORM TITLE
Uniform title Science and technology indicators (Jakarta, Indonesia)
245 10 - TITLE STATEMENT
Title Scientific & technological indicators of Indonisia/
Statement of responsibility, etc. Republic of Indonesia.
246 14 - VARYING FORM OF TITLE
Title proper/short title Science & technology indicators of Indonesia.
246 30 - VARYING FORM OF TITLE
Title proper/short title Science and technology indicators of Indonesia.
260 ## - PUBLICATION, DISTRIBUTION, ETC.
Place of publication, distribution, etc. [Jakarta] :
Name of publisher, distributor, etc. Science and Technology for Industrial Development :
-- Badan Pengkajian dan Penerapan Teknologi,
Date of publication, distribution, etc. 1993.
300 ## - PHYSICAL DESCRIPTION
Extent 166 p. :
Other physical details ill.;
Dimensions 30 cm.
650 #0 - SUBJECT ADDED ENTRY--TOPICAL TERM
Topical term or geographic name entry element Science indicators
Geographic subdivision Indonisia.
650 #0 - SUBJECT ADDED ENTRY--TOPICAL TERM
Topical term or geographic name entry element Technology indicators
Geographic subdivision Indonisia.
710 1# - ADDED ENTRY--CORPORATE NAME
Corporate name or jurisdiction name as entry element Indonesia.
Subordinate unit Badan Pengkajian dan Penerapan Teknologi.
710 2# - ADDED ENTRY--CORPORATE NAME
Corporate name or jurisdiction name as entry element Science and Technology for Industrial Development.
902 ## - LOCAL DATA ELEMENT B, LDB (RLIN)
No. of Items 1
905 ## - LOCAL DATA ELEMENT E, LDE (RLIN)
Cataloger Amro L.
Reviser Cat.
905 ## - LOCAL DATA ELEMENT E, LDE (RLIN)
Cataloger Eman
Reviser Rev.
942 ## - ADDED ENTRY ELEMENTS (KOHA)
Source of classification or shelving scheme Dewey Decimal Classification
Koha item type Books
المقتنيات
Source of classification or shelving scheme Not for loan Home library Current library Date acquired Full call number Barcode Date last seen Copy number Koha item type
Dewey Decimal Classification   المكتبة المركزبة الجديدة - جامعة القاهرة قاعة الثقاقات الاجنبية - الدور الثالث 11.02.2024 338.959806 S4167 Ind. 01000110201235000 05.07.2024 C.1 Books
Cairo University Libraries Portal Implemented & Customized by: Eng. M. Mohamady Contacts: new-lib@cl.cu.edu.eg | cnul@cl.cu.edu.eg
CUCL logo CNUL logo
© All rights reserved — Cairo University Libraries
CUCL logo
Implemented & Customized by: Eng. M. Mohamady Contact: new-lib@cl.cu.edu.eg © All rights reserved — New Central Library
CNUL logo
Implemented & Customized by: Eng. M. Mohamady Contact: cnul@cl.cu.edu.eg © All rights reserved — Cairo National University Library